|
|
|
|
| LEADER |
00000nam0a2200000 4500 |
| 001 |
284941 |
| 005 |
20231101235739.0 |
| 035 |
|
|
|a (RuTPU)RU\TPU\book\309137
|
| 090 |
|
|
|a 284941
|
| 100 |
|
|
|a 20150219d1983 k y0rusy50 ca
|
| 101 |
0 |
|
|a rus
|
| 102 |
|
|
|a RU
|
| 105 |
|
|
|a a z 001zy
|
| 200 |
1 |
|
|a Минеральные парагенезы глауконитово-кремнистых формаций
|f В. И. Муравьев
|g Академия наук СССР (АН СССР), Геологический институт (ГИН) ; под ред. А. В. Пейве
|
| 210 |
|
|
|a Москва
|c Наука
|d 1983
|
| 215 |
|
|
|a 207 с.
|c ил.
|
| 225 |
1 |
|
|a Труды ГИН (Геологического института АН СССР)
|v Вып. 360
|
| 320 |
|
|
|a Библиогр.: с. 196-203.
|
| 606 |
1 |
|
|a Глаукониты
|2 stltpush
|3 (RuTPU)RU\TPU\subj\7320
|9 35015
|
| 606 |
1 |
|
|a Горные породы, кремнистые
|2 stltpush
|3 (RuTPU)RU\TPU\subj\8121
|9 35607
|
| 610 |
1 |
|
|a парагенезисы
|
| 610 |
1 |
|
|a кремниевые формации
|
| 610 |
1 |
|
|a генетическая интерпретация
|
| 610 |
1 |
|
|a минеральный состав
|
| 610 |
1 |
|
|a бентониты
|
| 610 |
1 |
|
|a песчаные породы
|
| 610 |
1 |
|
|a аутигенная минерализация
|
| 610 |
1 |
|
|a аутигенное глинообразование
|
| 675 |
|
|
|a 552.51
|v 3
|
| 675 |
|
|
|a 552.55
|v 3
|
| 700 |
|
1 |
|a Муравьев
|b В. И.
|g Владимир Иванович
|
| 702 |
|
1 |
|a Пейве
|b А. В.
|4 340
|
| 712 |
0 |
2 |
|a Академия наук СССР (АН СССР)
|b Геологический институт (ГИН)
|c (Москва)
|2 stltpush
|3 (RuTPU)RU\TPU\col\11354
|
| 801 |
|
1 |
|a RU
|b 63413507
|c 20150219
|
| 801 |
|
2 |
|a RU
|b 63413507
|c 20151112
|g RCR
|
| 942 |
|
|
|c BK
|